|
|
|
|
| LEADER |
00000nab a2200000 a 4500 |
| 001 |
vtls010208278 |
| 003 |
SK-MaSNL |
| 005 |
20260304183855.0 |
| 008 |
250708c2010 xo zr|p|||an |000 b|slo |
| 015 |
|
|
|a SNBRB2011/02
|
| 035 |
|
|
|a (uuid)2707b8b2-baf2-491d-97a5-6f136d45e2ed
|
| 035 |
|
|
|a urn:nbn:sk:snk-ab9t8z
|
| 035 |
|
|
|a (urnnbn)urn:nbn:sk:snk:ar-a08s1k
|
| 038 |
|
|
|a SPK
|
| 040 |
|
|
|a SNKBUCL
|b slo
|c SNKBUCL
|e AACR2
|
| 041 |
0 |
|
|a slo
|b slo
|b eng
|
| 044 |
|
|
|a xo
|c SK
|
| 072 |
|
7 |
|a 316.4/.7
|x Sociálne interakcie
|2 konspekt
|
| 072 |
|
7 |
|a 37
|x Výchova a vzdelávanie
|2 konspekt
|
| 080 |
|
|
|a 316.64-057.87
|2 2001
|
| 080 |
|
|
|a 159.923
|2 2001
|
| 080 |
|
|
|a 37.011.3-051
|2 2001
|
| 100 |
1 |
|
|a Nagy, Tibor
|4 aut
|9 9690
|
| 245 |
1 |
0 |
|a Povahové črty učiteľa
|c Tibor Nagy, Soňa Nagyová, Peter Likavský
|
| 246 |
3 |
1 |
|a Character features of a teacher
|
| 300 |
|
|
|b Grafy
|
| 504 |
|
|
|a Bibliogr. odkazy
|
| 546 |
|
|
|a Res. angl., slov.
|
| 650 |
0 |
7 |
|a učitelia
|2 snkbucl
|9 3995
|
| 650 |
0 |
7 |
|a osobnosť
|2 snkbucl
|9 4341
|
| 650 |
0 |
7 |
|a profesijné kompetencie
|2 snkbucl
|9 74959
|
| 650 |
0 |
7 |
|a komunikácia
|2 snkbucl
|9 1362
|
| 650 |
0 |
7 |
|a argumentácia
|2 snkbucl
|9 31164
|
| 650 |
0 |
7 |
|a žiaci a študenti
|2 snkbucl
|9 50065
|
| 650 |
0 |
7 |
|a názory a postoje
|2 snkbucl
|9 4303
|
| 650 |
0 |
7 |
|a výskum
|2 snkbucl
|9 4238
|
| 700 |
1 |
|
|a Nagyová, Soňa,
|d 1967-
|4 aut
|9 250154
|
| 700 |
1 |
|
|a Likavský, Peter,
|d 1962-
|4 aut
|9 250155
|
| 773 |
0 |
|
|t Technológia vzdelávania
|g Roč. XVIII, č. 6 (2010)
|g Č. 6 (2010), s. 13-15
|x 1335-003X
|
| 773 |
0 |
|
|t Slovenský učiteľ
|g Roč. XVIII, č. 6 (2010)
|g Č. 6 (2010), s. 13-15
|x 1335-003X
|
| 850 |
|
|
|a Slovenská národná knižnica
|
| 852 |
|
|
|a Slovenská národná knižnica
|
| 954 |
|
|
|a odborná, vedecká literatúra pôvodná (slovenská)
|2 lita
|
| 958 |
|
|
|a article13
|
| 958 |
|
|
|a NB
|
| 958 |
|
|
|a OND
|
| 958 |
|
|
|a EUIPO
|
| 999 |
|
|
|c 3036049
|d 3037979
|